Lord of the rings or Harry Potter - Statistics

General Stats
  • This quiz has been taken 124 times
  • The average score is 10 of 10
Answer Stats
Question Answer % Correct
Lord of the Rings
99%
Lord of the Rings
99%
Harry Potter
99%
Lord of the Rings
99%
Harry Potter
98%
Harry Potter
98%
Lord of the Rings
98%
Harry Potter
98%
Lord of the Rings
97%
Harry Potter
96%
No matching quizzes found
Score Distribution
Percent of People with Each Score
Percentile by Number Answered
Your Score History
You have not taken this quiz